| 000 | 00740nam a2200217 i 4500 | ||
|---|---|---|---|
| 001 | 50785 | ||
| 003 | ES-MaACL | ||
| 005 | 20240117062947.0 | ||
| 007 | t| | ||
| 008 | 030806s1952 sp ||||1| spa d | ||
| 100 |
_aChallaye, Felicien, _d1875-1967 _9186620 |
||
| 245 | 1 | 0 |
_aHistoria de la propiedad / _cFelicien Challaye ; versión española de F. X. González Díaz Lombardo. |
| 250 | _a[1ª ed. española]. | ||
| 260 |
_aBarcelona : _bSalvat, _c[1952] ( _fImp. Hispano-Americana) |
||
| 300 |
_a150 p. ; _c18 cm. |
||
| 490 | 1 |
_aSurco. Serie H ; _v76 |
|
| 700 | 1 |
_aGonzález Díaz Lombardo, F.X. _958599 |
|
| 830 | 0 |
_aSurco. Serie H ; _v76 _9230146 |
|
| 852 |
_aES-MaACL _jD-8826 _bR.33965 |
||
| 999 |
_c50785 _d50785 |
||